000 00736nam a22002537a 4500
005 20211021154233.0
008 211021b ||||| |||| 00| 0 eng d
040 _cAL
041 _aeng
082 _223
_a398.2
_bGOWM
100 _aK Chinnappa Gowda
_91461
245 _aMask And The Message
260 _aMangalagangothri
_bMudipu Prakashana
_c2005
300 _axviii,271 p.
_bHB
_c22x14 cm.
365 _b297.50
_c
_d350.00
_f11-10-2021
650 _aFolklore Studies
_91462
650 _aCollection of Research Papers
_91463
650 _aFolk Songs
_91464
650 _aSiri
_91465
650 _2Karangoolu
650 _aFinnish Indian Folklore Projects
_91466
700 _aGOWDA (K Chinnappa)
_91467
942 _2ddc
_cBK
999 _c216636
_d216636